Stats : (Record no. 24850)
[ view plain ]
| 000 -LEADER | |
|---|---|
| fixed length control field | 01303cam a2200373 i 4500 |
| 001 - CONTROL NUMBER | |
| control field | 18505259 |
| 003 - CONTROL NUMBER IDENTIFIER | |
| control field | OSt |
| 005 - DATE AND TIME OF LATEST TRANSACTION | |
| control field | 20211229101033.0 |
| 007 - PHYSICAL DESCRIPTION FIXED FIELD--GENERAL INFORMATION | |
| fixed length control field | co |g||||||||| |
| 008 - FIXED-LENGTH DATA ELEMENTS--GENERAL INFORMATION | |
| fixed length control field | 150224s2015 maua 001 0 eng |
| 010 ## - LIBRARY OF CONGRESS CONTROL NUMBER | |
| LC control number | 2015301879 |
| 020 ## - INTERNATIONAL STANDARD BOOK NUMBER | |
| International Standard Book Number | 9780321854018 (hbk.) |
| 020 ## - INTERNATIONAL STANDARD BOOK NUMBER | |
| International Standard Book Number | 0321854012 (hbk.) |
| 040 ## - CATALOGING SOURCE | |
| Original cataloging agency | DLC |
| Language of cataloging | eng |
| Description conventions | rda |
| Transcribing agency | HU |
| 042 ## - AUTHENTICATION CODE | |
| Authentication code | pcc |
| 050 00 - LIBRARY OF CONGRESS CALL NUMBER | |
| Classification number | QA276.12 |
| Item number | .B628 2015 |
| 082 00 - DEWEY DECIMAL CLASSIFICATION NUMBER | |
| Classification number | 519.5 |
| Edition number | 23 |
| 100 1# - MAIN ENTRY--PERSONAL NAME | |
| Personal name | Bock, David E. |
| 9 (RLIN) | 25933 |
| 245 10 - TITLE STATEMENT | |
| Title | Stats : |
| Remainder of title | modeling the world / |
| Statement of responsibility, etc. | David E. Bock, Ithaca High School (Retired), Paul F. Velleman, Cornell University, Richard D. De Veaux, Williams College. |
| 250 ## - EDITION STATEMENT | |
| Edition statement | 4 e. |
| 264 #1 - PRODUCTION, PUBLICATION, DISTRIBUTION, MANUFACTURE, AND COPYRIGHT NOTICE | |
| Place of production, publication, distribution, manufacture | Boston : |
| Name of producer, publisher, distributor, manufacturer | Pearson, |
| Date of production, publication, distribution, manufacture, or copyright notice | [2015] |
| 300 ## - PHYSICAL DESCRIPTION | |
| Extent | xix, 758, 85 pages : |
| Other physical details | illustrations (some color) ; |
| Dimensions | 29 cm + |
| Accompanying material | 1 DVD-ROM (4 3/4 in.) |
| 336 ## - CONTENT TYPE | |
| Content type term | text |
| Content type code | txt |
| Source | rdacontent |
| 337 ## - MEDIA TYPE | |
| Media type term | unmediated |
| Media type code | n |
| Source | rdamedia |
| 338 ## - CARRIER TYPE | |
| Carrier type term | volume |
| Carrier type code | nc |
| Source | rdacarrier |
| 500 ## - GENERAL NOTE | |
| General note | Accompanying DVD-ROM. |
| 500 ## - GENERAL NOTE | |
| General note | Includes index. |
| 650 #0 - SUBJECT ADDED ENTRY--TOPICAL TERM | |
| Topical term or geographic name entry element | Graphic calculators |
| Form subdivision | Textbooks. |
| 9 (RLIN) | 25934 |
| 700 1# - ADDED ENTRY--PERSONAL NAME | |
| Personal name | Velleman, Paul F., |
| Dates associated with a name | 1949- |
| 9 (RLIN) | 25935 |
| 700 1# - ADDED ENTRY--PERSONAL NAME | |
| Personal name | De Veaux, Richard D. |
| 9 (RLIN) | 3933 |
| 906 ## - LOCAL DATA ELEMENT F, LDF (RLIN) | |
| a | 7 |
| b | cbc |
| c | origcop |
| d | 2 |
| e | ncip |
| f | 20 |
| g | y-gencatlg |
| 942 ## - ADDED ENTRY ELEMENTS (KOHA) | |
| Source of classification or shelving scheme | Dewey Decimal Classification |
| Koha item type | Books like text book referance book |
| Suppress in OPAC | No |
| Withdrawn status | Lost status | Source of classification or shelving scheme | Damaged status | Not for loan | Collection code | Home library | Current library | Shelving location | Date acquired | Total Checkouts | Full call number | Barcode | Date last seen | Copy number | Price effective from | Koha item type |
|---|---|---|---|---|---|---|---|---|---|---|---|---|---|---|---|---|
| Dewey Decimal Classification | Reference | Wondo Genet Library | Wondo Genet Library | General Stacks | 12/29/2021 | 519.5 BOC 2010 | WGCFNRL00009846 | 12/29/2021 | 1 | 12/29/2021 | Books like text book referance book |